000 00527nam a2200169 i 4500
001 97878
003 ES-MaACL
005 20250823063054.0
007 t|
008 050719s1915 sp ||||1| spa d
100 1 _aEza, Luis Marichalar y Monreal,
_cVizconde de,
_d1873-1945
_976705
245 1 3 _aEl problema agrario en España /
_cpor el Vizconde de Eza.
260 _aMadrid :
_b[s.n.],
_c1915 (
_fImp. de Bernardo Rodríguez)
300 _a304 p. ;
_c24 cm.
852 _aES-MaACL
_jF-326
999 _c97878
_d97878